Vývoj softvéru
Typový a individuálny aplikačný softvér. Spôsoby nadobudnutia softvéru. Modely vývoja softvérového projektu. Vodopádový model. Prototypovanie systému.
Na minha lista:
| Autor principal: | |
|---|---|
| Formato: | Capítulo de Livro |
| Idioma: | eslovaco |
| Assuntos: | |
| Tags: |
Sem tags, seja o primeiro a adicionar uma tag!
|
MARC
| LEADER | 00000nla$a2200000$$$4500 | ||
|---|---|---|---|
| 001 | 0142292 | ||
| 005 | 20240502072541.2 | ||
| 041 | 0 | |a slo | |
| 044 | |a SK | ||
| 245 | 1 | 0 | |a Vývoj softvéru |c Matej Černý |
| 520 | |a Typový a individuálny aplikačný softvér. Spôsoby nadobudnutia softvéru. Modely vývoja softvérového projektu. Vodopádový model. Prototypovanie systému. | ||
| 610 | 2 | 0 | |a softvér |
| 610 | 2 | 0 | |a systémy informačné |
| 610 | 2 | 0 | |a počítače |
| 610 | 2 | 0 | |a informatika |
| 610 | 2 | 0 | |a vývoj |
| 100 | 1 | |a Černý, Matej, 1982- | |